000 01230cam a2200289Ia 4500
001 rebeccasmotherpa00smit
003 CaSfIA
005 20210118214317.0
007 cr||||
008 001114s1972 nyu 000 1 eng d
040 _aNOC
_cNOC
_dOCLCQ
_dCaSfIA
035 _a(OCoLC)45347474
090 _aHQ471.S84
_bR4 1972
100 1 _aSmith, Russell.
245 1 0 _aRebecca's mother, Patricia /
_h[electronic resource]
_cby Russell Smith.
250 _a1st Venus Library ed.
260 _a[New York] :
_bVenus Books,
_c1972.
300 _a192 p. ;
_c18 cm.
500 _a"Venus books."
500 _aPublisher's no.: V-1167T.
830 0 _aVenus books.
856 4 1 _uhttp://www.archive.org/details/rebeccasmotherpa00smit
_zFree eBook from the Internet Archive
856 4 2 _uhttp://www.openlibrary.org/books/OL24274637M
_zAdditional information and access via Open Library
942 _cEB
506 _fНеобхідна авторизація на https://archive.org/ (створення облікового запису безкоштовно)
506 _fНеобхідна авторизація на https://openlibrary.org/ (створення облікового запису безкоштовно)
999 _c542322
_d542322